[Event "Oberpfalz-ch M3"]
[Site "Bad Koetzting"]
[Date "2018.03.26"]
[Round "6"]
[White "Klinkhammer, Christopher"]
[Black "Vinogradov, Anatoli"]
[Result "1/2-1/2"]
[WhiteElo "1486"]
[BlackElo "1574"]
[PlyCount "22"]
[EventDate "2018.03.24"]
[EventType "swiss"]
[EventRounds "8"]
[EventCountry "GER"]
[SourceTitle "EXT 2020"]
[Source "ChessBase"]
[SourceDate "2019.10.17"]
[SourceVersion "1"]
[SourceVersionDate "2019.10.17"]
[SourceQuality "1"]

1. c4 e5 2. g3 b6 3. Bg2 Nc6 4. e4 Bb7 5. Nc3 Bc5 6. Nge2 Nge7 7. 0-0 0-0 8. a3 d6 9. d3 Nd4 10. Nxd4 Bxd4 11. Ne2 c5 1/2-1/2

[Event "Oberpfalz-ch M3"]
[Site "Bad Koetzting"]
[Date "2018.03.25"]
[Round "3"]
[White "Vinogradov, Anatoli"]
[Black "Blodig, Samuel"]
[Result "0-1"]
[WhiteElo "1574"]
[BlackElo "1298"]
[PlyCount "130"]
[EventDate "2018.03.24"]
[EventType "swiss"]
[EventRounds "8"]
[EventCountry "GER"]
[SourceTitle "EXT 2020"]
[Source "ChessBase"]
[SourceDate "2019.10.17"]
[SourceVersion "1"]
[SourceVersionDate "2019.10.17"]
[SourceQuality "1"]

1. d4 Nf6 2. c4 c5 3. d5 b5 4. cxb5 a6 5. b6 d6 6. Nc3 Qxb6 7. e4 Nbd7 8. Nf3 g6 9. Be2 Qb4 10. Qc2 Bg7 11. 0-0 0-0 12. a3 Qa5 13. Bf4 Rb8 14. Rab1 Ng4 15. Nd2 Nge5 16. Nc4 Nxc4 17. Bxc4 Ne5 18. Be2 Bd7 19. Bd2 Qb6 20. f4 Ng4 21. Bc4 Bb5 22. Ne2 Rfc8 23. h3 Nf6 24. e5 Nxd5 25. exd6 Qxd6 26. b3 Bxc4 27. bxc4 Nb6 28. f5 Nxc4 29. Bf4 Ne5 30. Rfd1 Rxb1 31. Rxb1 Qd3 32. Qxd3 Nxd3 33. Rb7 Bf6 34. fxg6 hxg6 35. Bd2 c4 36. Bc3 Bxc3 37. Nxc3 Kf8 38. Rb6 a5 39. Rb5 Rc5 40. Kf1 Rxb5 41. Nxb5 e5 42. g3 Ke7 43. Ke2 Ke6 44. Ke3 f5 45. Nc3 Kd6 46. g4 f4+ 47. Kf3 Ke6 48. h4 Kf6 49. Ne4+ Kg7 50. Ke2 Kf7 51. Nd6+ Ke6 52. Nxc4 e4 53. Nd2 Kd5 54. h5 gxh5 55. gxh5 Ne5 56. h6 f3+ 57. Kf1 Nf7 58. h7 Kd4 59. Ke1 Kd3 60. Nxe4 Kxe4 61. Kf2 Kf4 62. a4 Nh8 63. Kf1 Ke3 64. Ke1 f2+ 65. Kf1 Nf7 0-1

[Event "Forchheim op-B 13th"]
[Site "Forchheim"]
[Date "2014.10.04"]
[Round "3"]
[White "Vinogradov, Anatoli"]
[Black "Fieberg, Christoph"]
[Result "1/2-1/2"]
[WhiteElo "1802"]
[BlackElo "1912"]
[PlyCount "163"]
[EventDate "2014.10.03"]
[EventType "swiss"]
[EventRounds "5"]
[EventCountry "GER"]
[SourceTitle "EXT 2019"]
[Source "ChessBase"]
[SourceDate "2018.10.10"]
[SourceVersion "1"]
[SourceVersionDate "2018.10.10"]
[SourceQuality "1"]

1. d4 d5 2. c4 c6 3. Nf3 Nf6 4. e3 g6 5. Nc3 Bg7 6. Bd3 0-0 7. b3 Nfd7 8. Bb2 dxc4 9. bxc4 e5 10. 0-0 Re8 11. Qc2 Na6 12. a3 exd4 13. exd4 Nf6 14. Ne5 Nh5 15. Ne2 c5 16. Nf3 Bg4 17. d5 Bxf3 18. gxf3 b6 19. Bxg7 Kxg7 20. Rad1 Qf6 21. Be4 Re5 22. Qa4 Nf4 23. Ng3 Qh4 24. Kh1 Rxe4 25. fxe4 Qg4 26. f3 Qh3 27. Rf2 Nc7 28. d6 Nce6 29. d7 Nd4 30. Rxd4 cxd4 31. Qc6 Rd8 32. Qd6 Ne6 33. f4 Qg4 34. f5 Nc5 35. Qxd4+ Kg8 36. f6 Qxd7 37. Qxd7 Rxd7 38. e5 Rd4 39. Rc2 Nd7 40. Kg2 Kf8 41. a4 Ke8 42. a5 Kd8 43. axb6 axb6 44. Kf2 Nxe5 45. c5 bxc5 46. Ke3 Ng4+ 47. Ke2 c4 48. Nf1 Nxf6 49. Ne3 Rh4 50. Kf3 h5 51. Nxc4 Rh3+ 52. Kg2 Rb3 53. Ne5 Ng4 54. Nxg4 hxg4 55. Rc4 Ke7 56. Rxg4 Kf6 57. Rf4+ Ke6 58. Ra4 Kf5 59. Ra5+ Kf4 60. Ra4+ Kg5 61. Ra5+ f5 62. Ra6 Kh5 63. Ra5 Re3 64. Rb5 Kg4 65. Rb4+ Re4 66. Rb2 Re3 67. Rf2 f4 68. Rd2 g5 69. Rc2 f3+ 70. Kf1 Kh3 71. Rc5 Kh4 72. h3 Re2 73. Rf5 Re3 74. Kf2 Ra3 75. Kf1 Rb3 76. Kf2 g4 77. hxg4 Kxg4 78. Rf8 Rb2+ 79. Kf1 Kg3 80. Rg8+ Kf4 81. Rf8+ Ke3 82. Re8+ 1/2-1/2

[Event "Bayernliga U20 1314"]
[Site "Bayern"]
[Date "2014.01.25"]
[Round "4.4"]
[White "Vinogradov, Anatoli"]
[Black "Stephan, Michael"]
[Result "0-1"]
[WhiteElo "1559"]
[BlackElo "1991"]
[PlyCount "52"]
[EventDate "2013.11.16"]
[EventType "team-tourn"]
[EventRounds "7"]
[EventCountry "GER"]
[SourceTitle "EXT 2022"]
[Source "ChessBase"]
[SourceDate "2021.10.06"]
[SourceVersion "1"]
[SourceVersionDate "2021.10.06"]
[SourceQuality "1"]
[WhiteTeam "Amberg SGS U20"]
[BlackTeam "Forchheim SC U20"]
[WhiteTeamCountry "GER"]
[BlackTeamCountry "GER"]

1. d4 c5 2. e3 g6 3. c4 Nf6 4. Nc3 Bg7 5. Nf3 0-0 6. Be2 cxd4 7. exd4 d5 8. 0-0 Nc6 9. Bf4 b6 10. Rc1 Bb7 11. a3 Rc8 12. Qd2 Na5 13. Nxd5 Nb3 14. Nxf6+ Bxf6 15. Qc3 Nxc1 16. Rxc1 Bxf3 17. Bxf3 Qxd4 18. Qxd4 Bxd4 19. Rc2 b5 20. b3 Rc5 21. Bb7 e5 22. Bd2 bxc4 23. Bb4 cxb3 24. Rxc5 Bxc5 25. Bxc5 b2 26. Be4 Rc8 0-1